000 00371nam a22001097a 4500
999 _c69061
_d69058
100 _aSaqib Ali
_a21ELACE23
_aSupervisor - Prof.Dr.Aamir Bhatti
245 _aDistributed Generation and Battery Energy Storage System Using EV Load ( Thesis BE)
260 _aNawabshah
_bQUEST
_c2023
300 _a42p.
700 _aDepartment of Electrical (ACE) Engineering
942 _cTHESIS